01326 a2200313 4500003000500000005001700005010001700022020002500039035002200064035001700086040000900103082001000112082001200122100002100134245010200155260005600257300001900313505043500332650001900767650001900786650001500805650001500820651001100835655000800846700002400854942001200878999001900890952010300909Nust20170207154019.0 a 2002035488 a0-13-101400-5 (pbk.) a(DLC) 2002035488 a(Mo)b1528414 cNust00a620.500aa620/.51 aRatner, Mark A.,10aNanotechnology-(E-BOOK)ba gentle introduction to the next big idea /cMark Ratner, Daniel Ratner aUpper Saddle River, NJ :bPrentice Hall,ccop. 2003 a188 s. :bill. a Chapter 1. Introducing Nano, Chapter 2. Size Matters, Chapter 3. Interlude One—The Fundamental Science Behind Nanotechnology, Chapter 4. Interlude Two: Tools of the Nanosciences, Chapter 5. Points and Places of Interest: The Grand Tour, Chapter 6. Smart Materials, Chapter 7. Sensors, Chapter 8. Biomedical Applications, Chapter 9. Optics and Electronics, Chapter 10. Nanobusiness, Chapter 11. Nanotechnology and You,  7aNanotechnology 7aNanotechnology 7aNanoteknik 7aNanoteknik aE-BOOK 4aBok1 aRatner, Daniel4aut 2ddccBK c191572d191572 00102ddc40708NFICaMCSbMCSd2016-12-12l0o620.5 KATpMCSEB-754r2016-12-08w2016-12-12yBK